[Event "Aragon-chT Preferente Gr I"]
[Site "Aragon"]
[Date "2022.02.05"]
[Round "2.47"]
[White "Lazaro Abadias, Andres"]
[Black "Garcia Garcia, Enrique"]
[Result "1/2-1/2"]
[WhiteElo "1526"]
[BlackElo "1788"]
[PlyCount "96"]
[EventDate "2022.01.29"]
[EventType "team-tourn"]
[EventRounds "9"]
[EventCountry "ESP"]
[SourceTitle "EXT 2024"]
[Source "ChessBase"]
[SourceDate "2023.10.10"]
[SourceVersion "1"]
[SourceVersionDate "2023.10.10"]
[SourceQuality "1"]
[WhiteTeam "Casablanca MyInvestor II"]
[BlackTeam "Dr Azua"]
[WhiteTeamCountry "ESP"]
[BlackTeamCountry "ESP"]

1. c4 c5 2. g3 Nc6 3. Bg2 g6 4. e3 Bg7 5. Ne2 e6 6. d4 cxd4 7. Nxd4 Nxd4 8. exd4 Ne7 9. Nc3 0-0 10. 0-0 Nf5 11. Be3 Qb6 12. Na4 Qa5 13. b3 d5 14. cxd5 exd5 15. Rc1 Be6 16. Rc5 Qd8 17. Qd2 b6 18. Rc2 Qd7 19. Rfc1 Rac8 20. Nc3 Rfe8 21. Ne2 Nxe3 22. fxe3 Rxc2 23. Rxc2 Bf5 24. Rc3 Bf8 25. Qc1 Bh6 26. Nf4 Bxf4 27. exf4 Be4 28. Bf1 Qg4 29. h3 Qf5 30. Rc7 Qf6 31. Qc3 g5 32. fxg5 Qxg5 33. Rxa7 Bf5 34. h4 Qf6 35. Rc7 Re6 36. a4 Qh6 37. Kh2 Qh5 38. Qb4 Re2+ 39. Kg1 Re3 40. Rc3 Qf3 41. Rxe3 Qxe3+ 42. Kg2 Be4+ 43. Kh3 Qf2 44. Qb5 Bf5+ 45. g4 Qf3+ 46. Kh2 Qf2+ 47. Kh3 Qf3+ 48. Kh2 Qf2+ 1/2-1/2

[Event "Aragon-chT Preferente Gr II"]
[Site "Aragon"]
[Date "2018.02.03"]
[Round "2.56"]
[White "Lazaro Abadias, Andres"]
[Black "Larrosa Poves, Jose Manuel"]
[Result "1-0"]
[WhiteElo "1478"]
[BlackElo "1953"]
[PlyCount "76"]
[EventDate "2018.01.27"]
[EventType "team-tourn"]
[EventRounds "9"]
[EventCountry "ESP"]
[SourceTitle "EXT 2019"]
[Source "ChessBase"]
[SourceDate "2018.10.10"]
[SourceVersion "1"]
[SourceVersionDate "2018.10.10"]
[SourceQuality "1"]
[WhiteTeam "St Casablanca III"]
[BlackTeam "Agrupacion II"]
[WhiteTeamCountry "ESP"]
[BlackTeamCountry "ESP"]

1. e4 c5 2. Nf3 e6 3. d4 cxd4 4. Nxd4 Nf6 5. Nc3 Bb4 6. e5 Nd5 7. Bd2 Bxc3 8. bxc3 Nc6 9. Nxc6 bxc6 10. Be2 d6 11. exd6 Qxd6 12. Bg5 Qe5 13. Qd2 Qxc3 14. Qxc3 Nxc3 15. Bf3 Bd7 16. 0-0 f6 17. Bh5+ Ke7 18. Bh4 g5 19. Bg3 e5 20. Rfe1 Be6 21. Re3 Nxa2 22. Ra3 Rhb8 23. Bf3 Rb6 24. Be4 f5 25. Bxf5 Bxf5 26. R3xa2 Ke6 27. f3 e4 28. fxe4 Bxe4 29. Bf2 Rb5 30. Re1 Kd5 31. c4+ Kxc4 32. Rxe4+ Kd3 33. Rd4+ Kc3 34. Ra3+ Kc2 35. Rc4+ Kd2 36. Be3+ Kd1 37. Ra2 Rb1 38. Rd4+ Ke1 1-0

[Event "Aragon-chT Preferente Gr II"]
[Site "Aragon"]
[Date "2018.01.27"]
[Round "1.72"]
[White "Lazaro Abadias, Andres"]
[Black "Sacristan Latorre, Carlos"]
[Result "1/2-1/2"]
[WhiteElo "1478"]
[BlackElo "1637"]
[PlyCount "154"]
[EventDate "2018.01.27"]
[EventType "team-tourn"]
[EventRounds "9"]
[EventCountry "ESP"]
[SourceTitle "EXT 2019"]
[Source "ChessBase"]
[SourceDate "2018.10.10"]
[SourceVersion "1"]
[SourceVersionDate "2018.10.10"]
[SourceQuality "1"]
[WhiteTeam "St Casablanca III"]
[BlackTeam "Palacio de Pioneros II"]
[WhiteTeamCountry "ESP"]
[BlackTeamCountry "ESP"]

1. e4 c5 2. Nf3 d6 3. d4 cxd4 4. Nxd4 Nf6 5. Nc3 a6 6. Be3 Nbd7 7. f3 Qc7 8. Qd2 e6 9. 0-0-0 b5 10. g4 Bb7 11. h4 Rc8 12. h5 Ne5 13. Rh3 d5 14. g5 b4 15. Ncb5 axb5 16. gxf6 gxf6 17. Bxb5+ Nd7 18. Ba4 Kd8 19. exd5 Bxd5 20. Bb3 Bc6 21. Bxe6 Qd6 22. Nxc6+ Rxc6 23. Qxd6 Rxd6 24. Rxd6 Bxd6 25. Bxf7 Ne5 26. Bd5 Ke7 27. Rh4 Rc8 28. Re4 Kd8 29. Bb6+ Kd7 30. f4 Nd3+ 31. Kd2 Nxf4 32. Be3 Nxd5 33. Bf2 Be5 34. b3 Nc3 35. Rxb4 Nxa2 36. Rb7+ Rc7 37. Rb6 Nc3 38. Bh4 Ke7 39. Ra6 Ne4+ 40. Kd1 Nc5 41. Ra5 Ne6 42. Rxe5 Kf7 43. Rf5 Nd4 44. Rxf6+ Kg7 45. Rf2 Kh6 46. Bf6 Nb5 47. Bb2 Na7 48. Rf5 Nc6 49. Ba3 Rd7+ 50. Ke1 Kg7 51. h6+ Kg6 52. Rf4 Nd8 53. Bc1 Ne6 54. Rg4+ Kf5 55. Rg2 Re7 56. Kf1 Ra7 57. c4 Kf6 58. Bb2+ Kf5 59. Ke1 Ke4 60. Rg3 Kf5 61. Ke2 Nf4+ 62. Kf3 Ne6 63. Rg4 Ng5+ 64. Kg3 Ne6 65. b4 Ng5 66. c5 Ne6 67. Bg7 Ng5 68. Bf8 Rd7 69. Bd6 Ne4+ 70. Kh4 Nxd6 71. cxd6 Rxd6 72. Rg5+ Kf4 73. Rg4+ Kf5 74. Kh5 Rd1 75. b5 Rh1+ 76. Rh4 Rb1 77. Rg4 Rh1+ 1/2-1/2